Bản đồ địa chất : Số 44 - 1980 :

সংরক্ষণ করুন:
গ্রন্থ-পঞ্জীর বিবরন
অন্যান্য লেখক: (dịch.)
বিন্যাস: Sách giấy
ভাষা:Vietnamese
প্রকাশিত: H. : Liên đoàn bản đồ địa chất,
ট্যাগগুলো: ট্যাগ যুক্ত করুন
কোনো ট্যাগ নেই, প্রথমজন হিসাবে ট্যাগ করুন!
Thư viện lưu trữ: Thư viện Trường Đại học Đà Lạt
LEADER 00715nam a2200277 4500
001 DLU140163280
005 ##20140819
040 # # |a DLU  |b vie 
041 # # |a vie 
044 # # |a vn 
082 # # |a 551.022 3  |b LIE 
245 # # |a Bản đồ địa chất :  |b Số 44 - 1980 :  |b Tài liệu thông tin khoa học kỹ thuật /  |c Liên đoàn bản đồ địa chất  
260 # # |a H. :  |b Liên đoàn bản đồ địa chất, 
300 # # |a 85 tr. ;  |c 27 cm. 
700 # # |a ,  |e dịch. 
923 # # |a TL 
991 # # |a SH 
992 # # |a 00 
994 # # |a DLU 
900 # # |a True 
911 # # |a Nguyễn Thị Tưởng 
925 # # |a G 
926 # # |a A 
927 # # |a SH 
980 # # |a Thư viện Trường Đại học Đà Lạt